| 000 | 01312nam a2200325Ia 4500 | ||
|---|---|---|---|
| 003 | GCL | ||
| 008 | 140319s9999 xx 000 0 ara d | ||
| 040 |
_aGCL / _cGCL |
||
| 082 | 0 | 4 |
_a327.16 _bر ح |
| 100 | 1 | _aانطوان ابوزيد | |
| 245 | 1 | 0 |
_aحروب القرن الواحد والعشرين : _bمخاوف ومخاطر جديدة / _cانطوان ابوزيد |
| 700 | 1 | _aرامونيه، اينياسيو | |
| 250 | _aالاولى | ||
| 260 |
_aبيروت : _bدار التنوير للطباعة والنشر ، _c2007 |
||
| 300 |
_a237 ص ؛ _c21 سم |
||
| 650 | 0 | 4 | _aالشرق الاوسط |
| 650 | 0 | 4 | _aحرب البوسنة والهرسك |
| 650 | 0 | 4 | _aالحرب الباردة |
| 650 | 0 | 4 | _aالمياه العذبة |
| 650 | 0 | 4 | _aالاحلاف العسكرية |
| 650 | 0 | 4 | _aالارهاب الدولى |
| 650 | 0 | 4 | _aايران - العلاقات الخارجية |
| 650 | 0 | 4 | _aالولايات المتحدة الامريكية - العلاقات الخارجية |
| 650 | 0 | 4 | _aالشرق الاوسط - العلاقات الخارجية |
| 650 | 0 | 4 | _aايران - الاحوال السياسية |
| 650 | 0 | 4 | _aالعولمة - الارهاب |
| 650 | 0 | 4 | _aحلف شمال الاطلنطى |
| 650 | 0 | 4 | _aاحداث 11 سبتمبر - نتائج |
| 942 |
_2ddc _cBK |
||
| 999 |
_c9448 _d9448 |
||